Statistics for Country Flags #1

Click here to take the quiz!

General Stats

  • This quiz has been taken 18 times
  • The average score is 15 of 16

Answer Stats

Answer% Correct
Albania
100%
Algeria
100%
Argentina
100%
Australia
100%
Bangladesh
100%
Afghanistan
93%
Andorra
93%
Austria
93%
Bahrain
93%
Barbados
93%
Angola
87%
Azerbaijan
87%
Belarus
87%
Bahamas
80%
Antigua and Barbuda
73%
Armenia
73%

Score Distribution

Percentile by Number Answered

Percent of People with Each Score

Your Score History

You have not taken this quiz